Héroes de la Biblia, Noe : (Record no. 23255)
[ view plain ]
| 000 -CABECERA | |
|---|---|
| fixed length control field | 00597nam a22001817i 4500 |
| 003 - IDENTIFICADOR DEL NÚMERO DE CONTROL | |
| control field | AR-CdUCM |
| 008 - DATOS DE LONGITUD FIJA--INFORMACIÓN GENERAL | |
| fixed length control field | 250409b20202020 pe||||| |||| 00| 0 spa d |
| 040 ## - FUENTE DE LA CATALOGACIÓN | |
| Agencia/entidad que catalogó originalmente la obra | MUNICIPALIDAD PROVINCIAL DEL CUSCO |
| Entidad que transcribió la catalogación | BIBLIOTECA MUNICIPAL DEL CUSCO |
| 082 ## - NÚMERO DE LA CLASIFICACIÓN DECIMAL DEWEY | |
| No. de Clasificación | PI / 869.56 / C85 / v.1 |
| Notacion interna | C85 / v.1 |
| 100 ## - ENTRADA PRINCIPAL--NOMBRE DE PERSONA | |
| Nombre Personal | Anónimo / |
| 245 ## - MENCIÓN DE TÍTULO | |
| Título | Héroes de la Biblia, Noe : |
| Resto del título | Biblia para niños / |
| 260 ## - PUBLICACIÓN, DISTRIBUCIÓN, ETC. | |
| Nombre de la editorial, distribuidor, etc. | CBA cottbell |
| Fecha de publicación, distribución, etc. | 2020 |
| 300 ## - DESCRIPCIÓN FÍSICA | |
| Nº de Páginas Extensión | 12 Páginas. : |
| Otros detalles físicos | Ilusstraciones |
| Dimensiones | 17x16 cm. |
| 650 ## - PUNTO DE ACCESO ADICIONAL DE MATERIA--TÉRMINO DE MATERIA | |
| Descriptor | Literatura infantil |
| 9 (RLIN) | 588 |
| 650 ## - PUNTO DE ACCESO ADICIONAL DE MATERIA--TÉRMINO DE MATERIA | |
| Descriptor | Primera infancia |
| 9 (RLIN) | 24660 |
| 942 ## - ELEMENTOS DE PUNTO DE ACCESO ADICIONAL (KOHA) | |
| Fuente de clasificación | |
| Tipo de item | Libros-BMC |
| 945 ## - PROCESAMIENTO DE INFORMACIÓN LOCAL (OCLC) | |
| Catalogador | pbjr |
| AAAA-MM-DD - Fecha de ingreso o modificacion | 9-04-2025 |
No items available.